000 00476nam a22001817a 4500
003 CEME
005 20210628205947.0
008 210202b xxu||||| |||| 00| 0 eng d
040 _c.
082 _a297 BIB
100 _aIzhar Ul Haq
_977675
245 _aBible say quran tuk
260 _aLAHORE
_bMAKTABA-E-DARUL-ULOOM
_c2002
300 _a3VOLS
650 _aISLAM-BIBLE SAY QURAN
_977676
700 _aMAULANA AKBAR ALI,USMANI, MUHAMMAD TAQI
_977677
942 _cBK
_2ddc
999 _c582900
_d582900